| 000 | 00585nam a2200205Ia 4500 | ||
|---|---|---|---|
| 001 | 15121 | ||
| 003 | GE_BSU | ||
| 008 | 181216s||||||||xx |||||||||||||| ||und|| | ||
| 040 | _cGE_BSU | ||
| 100 | _aВолков,Е,А | ||
| 245 | _aЧисленные методы | ||
| 245 | _bУчеб.пособ. для инженерно-технических спец.вузов | ||
| 245 | _cРед:В,Викторенкова | ||
| 260 | _aМосква | ||
| 260 | _bНаука | ||
| 260 | _c1982 | ||
| 300 | _a254стр,20см | ||
| 653 | _aЧисленные методы | ||
| 942 | _cBK | ||
| 999 |
_c48237 _d48237 |
||